[Event "39 Open Vila de Sitges 2013"]
[Site "Sitges ESP"]
[Date "2013.07.24"]
[Round "3.9"]
[White "Kovchan, Alexander"]
[Black "Lien, Kjell Hakon"]
[Result "1-0"]
[WhiteElo "2577"]
[BlackElo "1910"]
[PlyCount "39"]
[EventDate "2013.07.22"]
[EventType "swiss"]
[EventRounds "9"]
[EventCountry "ESP"]
[SourceTitle "Ajedrez en Madrid"]
[Source "lmi"]
[SourceDate "2013.07.22"]

1. e4 c5 2. Nf3 d6 3. d4 cxd4 4. Nxd4 Nf6 5. Nc3 a6 6. a4 e5 7. Nf3 h6 8. Bc4
Be7 9. O-O O-O 10. Re1 Qc7 11. Bf1 Be6 12. h3 Nc6 13. Nd5 Bxd5 14. exd5 Nxd5
15. Qxd5 Nb4 16. Qe4 d5 17. Qxe5 Bd6 18. Qf5 Qxc2 19. Qg4 f5 20. Qh5 1-0

[Event "39 Open Vila de Sitges 2013"]
[Site "Sitges ESP"]
[Date "2013.07.24"]
[Round "3.10"]
[White "Avila Jimenez, Xavier"]
[Black "Basencyan, Mark"]
[Result "1/2-1/2"]
[WhiteElo "2242"]
[BlackElo "2130"]
[PlyCount "52"]
[EventDate "2013.07.22"]
[EventType "swiss"]
[EventRounds "9"]
[EventCountry "ESP"]
[SourceTitle "Ajedrez en Madrid"]
[Source "lmi"]
[SourceDate "2013.07.22"]

1. d4 d5 2. c4 e6 3. Nc3 Be7 4. cxd5 exd5 5. Bf4 c6 6. e3 Bf5 7. Be2 Nd7 8. Nf3
Ngf6 9. h3 O-O 10. O-O Ne4 11. Nxe4 Bxe4 12. a3 a5 13. Rc1 a4 14. Nd2 Bg6 15.
Nb1 Bxb1 16. Rxb1 Nb6 17. Bd3 Bd6 18. Qh5 g6 19. Qh6 Bxf4 20. Qxf4 Nc8 21. Rbc1
Qd6 22. Qh6 Re8 23. Rc2 Qf8 24. Qf4 Qd6 25. Qh6 Qf8 26. Qf4 Qd6 1/2-1/2

[Event "39 Open Vila de Sitges 2013"]
[Site "Sitges ESP"]
[Date "2013.07.25"]
[Round "4.1"]
[White "Pulvett, Daniel"]
[Black "Vocaturo, Daniele"]
[Result "0-1"]
[WhiteElo "2405"]
[BlackElo "2536"]
[PlyCount "61"]
[EventDate "2013.07.22"]
[EventType "swiss"]
[EventRounds "9"]
[EventCountry "ESP"]
[SourceTitle "Ajedrez en Madrid"]
[Source "lmi"]
[SourceDate "2013.07.22"]

1. d4 Nf6 2. c4 c5 3. d5 d6 4. Nc3 g6 5. Nf3 Bg7 6. h3 e5 7. e4 a6 8. Bg5 Nbd7
9. Nd2 h6 10. Be3 h5 11. Be2 Bh6 12. Bxh6 Rxh6 13. Nf1 h4 14. Qd2 Rh7 15. Ne3
Nh5 16. O-O-O Nf4 17. Bg4 Nf6 18. g3 hxg3 19. fxg3 Nxg4 20. hxg4 Nh3 21. Rdf1
Ng5 22. Rh4 Bd7 23. Qf2 Qe7 24. Ng2 O-O-O 25. Qe3 Rdh8 26. Kb1 f6 27. a3 Kb8
28. Ka2 Ka8 29. Rb1 Rb8 30. b4 cxb4 31. axb4 0-1

[Event "39 Open Vila de Sitges 2013"]
[Site "Sitges ESP"]
[Date "2013.07.25"]
[Round "4.2"]
[White "Hauge, Lars Oskar"]
[Black "Munoz Pantoja, Miguel"]
[Result "1-0"]
[WhiteElo "2206"]
[BlackElo "2457"]
[PlyCount "75"]
[EventDate "2013.07.22"]
[EventType "swiss"]
[EventRounds "9"]
[EventCountry "ESP"]
[SourceTitle "Ajedrez en Madrid"]
[Source "lmi"]
[SourceDate "2013.07.22"]

1. e4 c5 2. Nc3 Nc6 3. f4 g6 4. Nf3 Bg7 5. Bb5 Nd4 6. O-O a6 7. Bd3 d6 8. Nxd4
cxd4 9. Ne2 Nf6 10. c3 dxc3 11. bxc3 b5 12. Bc2 Bb7 13. d3 Rc8 14. Rb1 O-O 15.
Qe1 e6 16. Kh1 Qc7 17. f5 exf5 18. Qh4 Nd7 19. exf5 Rfe8 20. Nf4 Bf6 21. Qg3 g5
22. h4 Bxc3 23. Bb3 Qc5 24. Qxg5+ Kf8 25. Ne6+ Rxe6 26. fxe6 Qxg5 27. Bxg5 Ne5
28. exf7 Nxd3 29. Rbd1 Nc5 30. Rxd6 Bg7 31. Bd5 Bxd5 32. Rxd5 Ne4 33. Kh2 h6
34. Rd8+ Rxd8 35. Bxd8 Nd6 36. Bf6 Nxf7 37. Bxg7+ Kxg7 38. Rc1 1-0

[Event "39 Open Vila de Sitges 2013"]
[Site "Sitges ESP"]
[Date "2013.07.25"]
[Round "4.3"]
[White "Grigoryan, Karen H"]
[Black "Fernandez Aguado, Enrique"]
[Result "1-0"]
[WhiteElo "2550"]
[BlackElo "2364"]
[PlyCount "71"]
[EventDate "2013.07.22"]
[EventType "swiss"]
[EventRounds "9"]
[EventCountry "ESP"]
[SourceTitle "Ajedrez en Madrid"]
[Source "lmi"]
[SourceDate "2013.07.22"]

1. d4 Nf6 2. c4 e6 3. Nc3 Bb4 4. Qc2 c5 5. dxc5 Na6 6. a3 Bxc3+ 7. Qxc3 Nxc5 8.
b4 Nce4 9. Qb2 d5 10. c5 h6 11. f3 Ng5 12. Bf4 O-O 13. Bd6 Re8 14. h4 Ngh7 15.
g4 b6 16. e3 bxc5 17. bxc5 h5 18. g5 Nd7 19. Kf2 Nb6 20. Bd3 f5 21. Ne2 e5 22.
cxb6 Qxd6 23. b7 Bxb7 24. Qxb7 e4 25. Bb5 d4 26. Bxe8 dxe3+ 27. Kg2 exf3+ 28.
Qxf3 Rxe8 29. Rad1 Qa6 30. Rhe1 Nf8 31. Nf4 Qa4 32. Rb1 a5 33. Kg3 Qxa3 34.
Qd5+ Kh8 35. Rb3 Qa4 36. Rbxe3 1-0

[Event "39 Open Vila de Sitges 2013"]
[Site "Sitges ESP"]
[Date "2013.07.25"]
[Round "4.4"]
[White "Sequera Paolini, Jose"]
[Black "Kovchan, Alexander"]
[Result "1-0"]
[WhiteElo "2394"]
[BlackElo "2577"]
[PlyCount "129"]
[EventDate "2013.07.22"]
[EventType "swiss"]
[EventRounds "9"]
[EventCountry "ESP"]
[SourceTitle "Ajedrez en Madrid"]
[Source "lmi"]
[SourceDate "2013.07.22"]

1. f4 g6 2. Nf3 Bg7 3. g3 d5 4. Bg2 c6 5. O-O Qb6+ 6. d4 Bf5 7. c3 Nd7 8. Nbd2
Ngf6 9. h3 h5 10. Ng5 c5 11. Nb3 cxd4 12. Nxd4 Be4 13. Bxe4 Nxe4 14. Nxe4 dxe4
15. Qa4 Rd8 16. Be3 O-O 17. Qa3 Qc5 18. Qxc5 Nxc5 19. b3 f5 20. Rad1 Rc8 21. c4
Kf7 22. Nc2 b6 23. Bd4 Rfd8 24. Bxg7 Kxg7 25. Ne3 Kf6 26. Nd5+ Kf7 27. h4 e5
28. fxe5 Re8 29. Nf4 Rxe5 30. Rd6 Rg8 31. Nh3 Re7 32. Ng5+ Kg7 33. Rfd1 Rc8 34.
Kf2 Nb7 35. Rd7 Kf8 36. Ke3 Ke8 37. R7d5 Rc5 38. Kf4 Rc6 39. Re5 Rxe5 40. Kxe5
Ke7 41. Nh3 Nd8 42. Nf4 Nf7+ 43. Kd4 Rd6+ 44. Nd5+ Ke6 45. a4 Nd8 46. Ke3 Ke5
47. Rc1 Ne6 48. b4 g5 49. hxg5 h4 50. Nf4 Nxg5 51. gxh4 Nf7 52. h5 Nh6 53. Ng6+
Kf6 54. c5 bxc5 55. bxc5 Rc6 56. Kd4 Nf7 57. Kd5 Rc8 58. c6 Rd8+ 59. Kc5 Rc8
60. Rd1 Kg5 61. Ne7 Rd8 62. Rxd8 Nxd8 63. h6 Kxh6 64. Nxf5+ Kg5 65. Nd4 1-0

[Event "39 Open Vila de Sitges 2013"]
[Site "Sitges ESP"]
[Date "2013.07.25"]
[Round "4.5"]
[White "Barsov, Alexei"]
[Black "Perez Mitjans, Orelvis"]
[Result "1/2-1/2"]
[WhiteElo "2530"]
[BlackElo "2495"]
[PlyCount "90"]
[EventDate "2013.07.22"]
[EventType "swiss"]
[EventRounds "9"]
[EventCountry "ESP"]
[SourceTitle "Ajedrez en Madrid"]
[Source "lmi"]
[SourceDate "2013.07.22"]

1. d4 Nf6 2. c4 c5 3. e3 g6 4. dxc5 Bg7 5. a3 O-O 6. Nf3 Ne4 7. Qd5 Qa5+ 8. b4
Qa4 9. Nd4 Nf6 10. Nc3 Qa6 11. Qg5 Nc6 12. b5 Qa5 13. Bd2 Nd8 14. Nb3 Qc7 15.
Qg3 Qxg3 16. hxg3 b6 17. Rd1 Ne6 18. Na4 bxc5 19. Naxc5 Nxc5 20. Nxc5 d6 21.
Nb3 a6 22. Bb4 Bd7 23. bxa6 Ba4 24. Rb1 Ne4 25. Bd3 Nc3 26. Bxc3 Bxc3+ 27. Ke2
Rxa6 28. Rhc1 Bg7 29. c5 Rc6 30. cxd6 Rxd6 31. Nc5 Bc6 32. Be4 Ra8 33. a4 f5
34. Bf3 Kf7 35. Rd1 Bxf3+ 36. Kxf3 Rxd1 37. Rxd1 Ra5 38. Rc1 e5 39. Rc4 e4+ 40.
Ke2 Be5 41. g4 h5 42. gxf5 gxf5 43. Nb7 Ra8 44. a5 Bf6 45. Rc6 Ke7 1/2-1/2

[Event "39 Open Vila de Sitges 2013"]
[Site "Sitges ESP"]
[Date "2013.07.25"]
[Round "4.6"]
[White "Movsziszian, Karen"]
[Black "Arenas, David"]
[Result "1/2-1/2"]
[WhiteElo "2499"]
[BlackElo "2437"]
[PlyCount "41"]
[EventDate "2013.07.22"]
[EventType "swiss"]
[EventRounds "9"]
[EventCountry "ESP"]
[SourceTitle "Ajedrez en Madrid"]
[Source "lmi"]
[SourceDate "2013.07.22"]

1. g3 Nf6 2. Bg2 g6 3. d3 Bg7 4. e4 O-O 5. f4 c5 6. Nf3 Nc6 7. O-O d6 8. Nc3
Rb8 9. h3 b5 10. Be3 b4 11. Ne2 a5 12. b3 Ne8 13. Rc1 Nc7 14. Qd2 Nb5 15. f5
Nc3 16. Rce1 Nxa2 17. g4 Nc3 18. Ng3 Nb5 19. Bh6 Nbd4 20. Nxd4 Nxd4 21. Nh5
1/2-1/2

[Event "39 Open Vila de Sitges 2013"]
[Site "Sitges ESP"]
[Date "2013.07.25"]
[Round "4.7"]
[White "Hansen, Torbjorn Ringdal"]
[Black "Ynojosa, Felix Jose"]
[Result "1-0"]
[WhiteElo "2492"]
[BlackElo "2405"]
[PlyCount "81"]
[EventDate "2013.07.22"]
[EventType "swiss"]
[EventRounds "9"]
[EventCountry "ESP"]
[SourceTitle "Ajedrez en Madrid"]
[Source "lmi"]
[SourceDate "2013.07.22"]

1. g3 Nf6 2. Bg2 e6 3. c4 d5 4. Nf3 Be7 5. O-O O-O 6. d4 b6 7. cxd5 exd5 8. Nc3
Bb7 9. Bg5 Ne4 10. Bxe7 Qxe7 11. Qb3 Rd8 12. Rfd1 Na6 13. Rac1 c5 14. Qa3 Nb4
15. dxc5 Nxc3 16. bxc3 Na6 17. Nd4 Nxc5 18. e3 Qf6 19. Ne2 a5 20. Nf4 Ne4 21.
Rd4 g5 22. Bxe4 dxe4 23. Nh5 Qe5 24. Qb2 Rd6 25. Rxd6 Qxd6 26. c4 f6 27. c5 Qe7
28. cxb6 Rf8 29. Rc7 Qd6 30. Kg2 Ba6 31. Rg7+ Kh8 32. Ra7 Bf1+ 33. Kg1 Bh3 34.
Qd4 Qc6 35. Rc7 Qb5 36. Rc1 Qf5 37. b7 Qf3 38. Qxf6+ Rxf6 39. b8=Q+ Rf8 40.
Qe5+ Rf6 41. Qxf6+ 1-0

[Event "39 Open Vila de Sitges 2013"]
[Site "Sitges ESP"]
[Date "2013.07.25"]
[Round "4.9"]
[White "Coll Enriquez, Lluis"]
[Black "Hayrapetyan, Hovik"]
[Result "0-1"]
[WhiteElo "2201"]
[BlackElo "2486"]
[PlyCount "86"]
[EventDate "2013.07.22"]
[EventType "swiss"]
[EventRounds "9"]
[EventCountry "ESP"]
[SourceTitle "Ajedrez en Madrid"]
[Source "lmi"]
[SourceDate "2013.07.22"]

1. e4 c5 2. Nc3 Nc6 3. g3 g6 4. Bg2 Bg7 5. d3 d6 6. Be3 e5 7. Nd5 Nce7 8. c4
Nxd5 9. cxd5 f5 10. Qd2 Nf6 11. h3 O-O 12. Ne2 Nh5 13. f3 f4 14. gxf4 Nxf4 15.
Nxf4 exf4 16. Bf2 Qg5 17. Kf1 Qe5 18. Rb1 g5 19. Qe2 h5 20. Be1 Qe7 21. Bc3 b5
22. Rd1 a5 23. Kf2 b4 24. Bxg7 Qxg7 25. d4 Ba6 26. Qd2 cxd4 27. Qxd4 Qxd4+ 28.
Rxd4 Rac8 29. Rhd1 Rc2+ 30. R4d2 Rfc8 31. Ke1 Kf7 32. Rxc2 Rxc2 33. Rd2 Rxd2
34. Kxd2 Kf6 35. Ke1 Ke5 36. Bf1 Bc8 37. Kf2 Bd7 38. Ke1 g4 39. hxg4 hxg4 40.
Bg2 gxf3 41. Bxf3 Bb5 42. Kd2 Kd4 43. Bg2 Be8 0-1

[Event "39 Open Vila de Sitges 2013"]
[Site "Sitges ESP"]
[Date "2013.07.26"]
[Round "5.1"]
[White "Vocaturo, Daniele"]
[Black "Hauge, Lars Oskar"]
[Result "1-0"]
[WhiteElo "2536"]
[BlackElo "2206"]
[PlyCount "121"]
[EventDate "2013.07.22"]
[EventType "swiss"]
[EventRounds "9"]
[EventCountry "ESP"]
[SourceTitle "Ajedrez en Madrid"]
[Source "lmi"]
[SourceDate "2013.07.22"]

1. d4 Nf6 2. c4 c5 3. d5 b5 4. cxb5 a6 5. f3 axb5 6. e4 Qa5+ 7. Nc3 b4 8. Nb5
d6 9. a4 Nbd7 10. Nh3 g6 11. b3 Bg7 12. Bb2 O-O 13. Qd2 Ba6 14. Nf2 Nb6 15. Nd1
Nc8 16. Ne3 Na7 17. Bd3 Qb6 18. Nc4 Qd8 19. Nxa7 Rxa7 20. O-O Nd7 21. Bxg7 Kxg7
22. f4 Bxc4 23. Bxc4 Nb6 24. Bb5 f5 25. Rae1 fxe4 26. Rxe4 Rf5 27. Bc6 Nd7 28.
Rfe1 Rf7 29. g3 Nf6 30. Re6 Rc7 31. h3 Kg8 32. Kh2 Qf8 33. R1e2 Nh5 34. R6e4
Nf6 35. R4e3 Qh6 36. Kg2 g5 37. f5 g4 38. h4 Nh5 39. Re4 Qxd2 40. Rxg4+ Rg7 41.
Rxg7+ Nxg7 42. Rxd2 Nxf5 43. Bb5 Kf7 44. a5 Rb7 45. Be2 Kf6 46. a6 Ra7 47. Kf2
e5 48. dxe6 Kxe6 49. Bc4+ Kd7 50. Rd5 Nd4 51. Rh5 Kc6 52. Rh6 Nf5 53. Rf6 Ng7
54. g4 Ne8 55. Rh6 Rd7 56. g5 Nc7 57. Bd3 Rf7+ 58. Kg3 Re7 59. Kf3 Nd5 60. Be4
Rf7+ 61. Rf6 1-0

[Event "39 Open Vila de Sitges 2013"]
[Site "Sitges ESP"]
[Date "2013.07.26"]
[Round "5.2"]
[White "Sequera Paolini, Jose"]
[Black "Grigoryan, Karen H"]
[Result "0-1"]
[WhiteElo "2394"]
[BlackElo "2550"]
[PlyCount "106"]
[EventDate "2013.07.22"]
[EventType "swiss"]
[EventRounds "9"]
[EventCountry "ESP"]
[SourceTitle "Ajedrez en Madrid"]
[Source "lmi"]
[SourceDate "2013.07.22"]

1. f4 c5 2. Nf3 g6 3. g3 Bg7 4. Bg2 d5 5. O-O Nf6 6. c3 O-O 7. d3 Nc6 8. Qc2 e6
9. e4 c4 10. e5 cxd3 11. Qxd3 Ne4 12. Be3 b6 13. Nbd2 Nc5 14. Qb5 Nb8 15. Bxc5
Ba6 16. Qa4 bxc5 17. Rfe1 Qb6 18. c4 Nc6 19. Rab1 Rab8 20. Kh1 Ne7 21. Re3 Qc6
22. Ra3 Rb6 23. Qc2 Rc8 24. Rc1 Bf8 25. Rc3 Qa8 26. Nb3 Qb8 27. Nfd2 Bb7 28.
Na5 Ba8 29. Rb3 Nf5 30. Qd3 Rd8 31. Nf1 dxc4 32. Qxc4 Bxg2+ 33. Kxg2 Nd4 34.
Rxb6 axb6 35. Nb3 b5 36. Qc3 Ne2 37. Qf3 Nxc1 38. Nxc1 c4 39. Ne2 Qa8 40. Qxa8
Rxa8 41. a3 b4 42. axb4 Ra2 43. Ne3 Rxb2 44. Kf3 Rxb4 45. Nc3 Bc5 46. Ned1 Bd4
47. Ke4 Bxc3 48. Nxc3 Rb2 49. Kd4 Rxh2 50. Kxc4 Rf2 51. Kd4 Rf3 52. Ne2 h5 53.
Ke4 Ra3 0-1

[Event "39 Open Vila de Sitges 2013"]
[Site "Sitges ESP"]
[Date "2013.07.26"]
[Round "5.3"]
[White "Arenas, David"]
[Black "Barsov, Alexei"]
[Result "0-1"]
[WhiteElo "2437"]
[BlackElo "2530"]
[PlyCount "78"]
[EventDate "2013.07.22"]
[EventType "swiss"]
[EventRounds "9"]
[EventCountry "ESP"]
[SourceTitle "Ajedrez en Madrid"]
[Source "lmi"]
[SourceDate "2013.07.22"]

1. e4 e6 2. d4 d5 3. Nc3 Bb4 4. e5 c5 5. a3 Ba5 6. b4 cxd4 7. Qg4 Kf8 8. bxa5
dxc3 9. Nf3 Nc6 10. a4 Nge7 11. h4 h5 12. Qf4 Ng6 13. Qg3 Kg8 14. Bd3 Nce7 15.
Qg5 Bd7 16. Rb1 b6 17. g4 hxg4 18. Qxg4 Nf5 19. Rg1 Rxh4 20. Nxh4 Qxh4 21. Bxf5
exf5 22. Qxh4 Nxh4 23. Rg3 d4 24. Rb4 Bc6 25. Ke2 f4 26. Bxf4 Nf5 27. Rg5 bxa5
28. Rc4 Bd5 29. Rc5 Be4 30. Kd1 Rb8 31. Kc1 Rb2 32. Rh5 Nh6 33. Bxh6 Rxc2+ 34.
Kd1 gxh6 35. Rh4 Rd2+ 36. Ke1 Rc2 37. Kd1 Rd2+ 38. Ke1 Bg6 39. e6 fxe6 0-1

[Event "39 Open Vila de Sitges 2013"]
[Site "Sitges ESP"]
[Date "2013.07.26"]
[Round "5.4"]
[White "Firman, Nazar"]
[Black "Vidarte Morales, Arturo"]
[Result "1/2-1/2"]
[WhiteElo "2526"]
[BlackElo "2344"]
[PlyCount "60"]
[EventDate "2013.07.22"]
[EventType "swiss"]
[EventRounds "9"]
[EventCountry "ESP"]
[SourceTitle "Ajedrez en Madrid"]
[Source "lmi"]
[SourceDate "2013.07.22"]

1. e4 c5 2. Nf3 d6 3. d4 cxd4 4. Nxd4 Nf6 5. Nc3 Nc6 6. Bg5 e6 7. Qd2 a6 8.
O-O-O h6 9. Be3 Nxd4 10. Bxd4 b5 11. f4 Be7 12. Bxf6 Bxf6 13. Qxd6 Qxd6 14.
Rxd6 Bb7 15. e5 Be7 16. Rd2 g5 17. Bd3 b4 18. Ne4 gxf4 19. Rf1 Bxe4 20. Bxe4
Rd8 21. Kd1 Rxd2+ 22. Kxd2 Rg8 23. Kd3 Rg5 24. Bc6+ Kf8 25. Re1 Bd8 26. Bf3 Bc7
27. Kd4 Bb6+ 28. Ke4 Bc7 29. Kd4 Bb6+ 30. Ke4 Bc7 1/2-1/2

[Event "39 Open Vila de Sitges 2013"]
[Site "Sitges ESP"]
[Date "2013.07.26"]
[Round "5.5"]
[White "Fernandez Aguado, Enrique"]
[Black "Movsziszian, Karen"]
[Result "0-1"]
[WhiteElo "2364"]
[BlackElo "2499"]
[PlyCount "98"]
[EventDate "2013.07.22"]
[EventType "swiss"]
[EventRounds "9"]
[EventCountry "ESP"]
[SourceTitle "Ajedrez en Madrid"]
[Source "lmi"]
[SourceDate "2013.07.22"]

1. Nf3 g6 2. g3 Bg7 3. Bg2 d6 4. O-O f5 5. d3 Nf6 6. c4 O-O 7. Nc3 Nc6 8. Bg5
h6 9. Bd2 e5 10. Rc1 Be6 11. Qb3 Rb8 12. Ne1 g5 13. Nc2 f4 14. Nd5 Qd7 15. Rfd1
Kh8 16. Bc3 Qf7 17. Nxf6 Qxf6 18. gxf4 Qxf4 19. Rf1 Nd4 20. Bxd4 exd4 21. e3
Qh4 22. Nxd4 Be5 23. f4 Bxd4 24. exd4 gxf4 25. d5 Bg4 26. Qc3+ Kg8 27. Qd4 Qg5
28. h4 Qxh4 29. Rxf4 Rxf4 30. Qxf4 Rf8 31. Qe3 Qg5 32. Qxg5+ hxg5 33. c5 Kg7
34. Rc4 Be2 35. Be4 Rf7 36. a4 Kf6 37. a5 Bg4 38. Bg2 Bf5 39. d4 g4 40. Kf2 Re7
41. Rb4 Bc8 42. Rb3 Kg5 43. Rc3 Bf5 44. Rb3 Kf4 45. Bf1 Be4 46. Rxb7 g3+ 47.
Kg1 g2 48. cxd6 gxf1=Q+ 49. Kxf1 Bd3+ 0-1

[Event "39 Open Vila de Sitges 2013"]
[Site "Sitges ESP"]
[Date "2013.07.26"]
[Round "5.6"]
[White "Perez Mitjans, Orelvis"]
[Black "Pulvett, Daniel"]
[Result "0-1"]
[WhiteElo "2495"]
[BlackElo "2405"]
[PlyCount "56"]
[EventDate "2013.07.22"]
[EventType "swiss"]
[EventRounds "9"]
[EventCountry "ESP"]
[SourceTitle "Ajedrez en Madrid"]
[Source "lmi"]
[SourceDate "2013.07.22"]

1. e4 c5 2. Nf3 d6 3. d4 cxd4 4. Nxd4 Nf6 5. Nc3 a6 6. h3 e6 7. g4 d5 8. exd5
Nxd5 9. Nde2 h5 10. g5 Bd6 11. Nxd5 exd5 12. Bg2 Nc6 13. Bxd5 Qe7 14. Be3 Bf5
15. Nd4 Nxd4 16. Qxd4 O-O 17. O-O-O Rac8 18. c3 Be5 19. Qb6 Rfd8 20. Qb3 b5 21.
Rhe1 b4 22. c4 a5 23. Re2 Bf4 24. Rd4 Rxd5 25. Rxd5 Qe4 26. Rxf5 Rxc4+ 27. Qxc4
Qxc4+ 28. Kd2 Bxe3+ 0-1

[Event "39 Open Vila de Sitges 2013"]
[Site "Sitges ESP"]
[Date "2013.07.26"]
[Round "5.7"]
[White "Buchenau, Frank"]
[Black "Hansen, Torbjorn Ringdal"]
[Result "0-1"]
[WhiteElo "2259"]
[BlackElo "2492"]
[PlyCount "88"]
[EventDate "2013.07.22"]
[EventType "swiss"]
[EventRounds "9"]
[EventCountry "ESP"]
[SourceTitle "Ajedrez en Madrid"]
[Source "lmi"]
[SourceDate "2013.07.22"]

1. c4 c5 2. g3 g6 3. Bg2 Bg7 4. Nf3 Nc6 5. Nc3 e6 6. d3 Nge7 7. Bg5 h6 8. Bd2
b6 9. Qc1 Bb7 10. O-O Nf5 11. Rb1 d6 12. a3 Qe7 13. e3 g5 14. g4 Ne5 15. Nxe5
Bxg2 16. Kxg2 Nh4+ 17. Kg1 Bxe5 18. f3 h5 19. d4 hxg4 20. dxe5 Nxf3+ 21. Rxf3
gxf3 22. Ne4 dxe5 23. Bc3 Rh4 24. Qc2 f5 25. Nf2 e4 26. Be5 Rd8 27. Rd1 Rxd1+
28. Qxd1 Qd7 29. Qxd7+ Kxd7 30. Bg3 Rh7 31. Be5 Kc6 32. a4 a6 33. Bf6 g4 34.
Be5 b5 35. axb5+ axb5 36. cxb5+ Kxb5 37. Kf1 Kc4 38. Kg1 Kd5 39. Bg3 Ra7 40. h3
Ra1+ 41. Kh2 gxh3 42. Nxh3 e5 43. Ng5 Rb1 44. Nf7 f4 0-1

[Event "39 Open Vila de Sitges 2013"]
[Site "Sitges ESP"]
[Date "2013.07.26"]
[Round "5.9"]
[White "Munoz Pantoja, Miguel"]
[Black "Uribe Arteaga, Daniel"]
[Result "1-0"]
[WhiteElo "2457"]
[BlackElo "2274"]
[PlyCount "73"]
[EventDate "2013.07.22"]
[EventType "swiss"]
[EventRounds "9"]
[EventCountry "ESP"]
[SourceTitle "Ajedrez en Madrid"]
[Source "lmi"]
[SourceDate "2013.07.22"]

1. e4 g6 2. d4 Bg7 3. Nc3 c6 4. Nf3 d5 5. Bd3 dxe4 6. Nxe4 Nd7 7. Qe2 Qc7 8. g3
Ngf6 9. Bf4 Qa5+ 10. Bd2 Qc7 11. O-O-O O-O 12. Kb1 c5 13. Nxc5 Nxc5 14. dxc5
Qxc5 15. Ne5 Be6 16. f4 b5 17. Be3 Qc7 18. Bxb5 Rfc8 19. Bd4 Qa5 20. Bc4 Rxc4
21. Nxc4 Qa6 22. b3 Rc8 23. Rhe1 Bxc4 24. bxc4 e6 25. c5 Qa5 26. c4 Rb8+ 27.
Ka1 Ne4 28. Bxg7 Kxg7 29. Qc2 Nxc5 30. Re3 Kg8 31. Rb1 Rd8 32. Qc3 Qc7 33. Qe5
Qc8 34. Ra3 Nd7 35. Qa5 Nf6 36. Rab3 Qd7 37. Qxd8+ 1-0

[Event "39 Open Vila de Sitges 2013"]
[Site "Sitges ESP"]
[Date "2013.07.26"]
[Round "5.10"]
[White "Kovchan, Alexander"]
[Black "Capellades Subirana, Marc"]
[Result "1-0"]
[WhiteElo "2577"]
[BlackElo "2260"]
[PlyCount "69"]
[EventDate "2013.07.22"]
[EventType "swiss"]
[EventRounds "9"]
[EventCountry "ESP"]
[SourceTitle "Ajedrez en Madrid"]
[Source "lmi"]
[SourceDate "2013.07.22"]

1. e4 e5 2. Nf3 Nc6 3. Nc3 Bb4 4. Nd5 Nf6 5. Nxb4 Nxb4 6. c3 Nc6 7. d4 d5 8.
Nxe5 Nxe5 9. dxe5 Nxe4 10. Be3 O-O 11. f3 Ng5 12. Qd2 Ne6 13. Rd1 c6 14. Be2
Qh4+ 15. g3 Qh3 16. Bf1 Qh5 17. f4 f6 18. exf6 Rxf6 19. Qe2 Qxe2+ 20. Bxe2 Nf8
21. g4 Re6 22. Kd2 Nd7 23. g5 Nb6 24. b3 Re8 25. Bd3 g6 26. h4 Bg4 27. Rdg1 Bf3
28. Rh3 Be4 29. h5 gxh5 30. Rxh5 Bxd3 31. Kxd3 Re7 32. g6 hxg6 33. f5 Nd7 34.
Rxg6+ Rg7 35. Bd4 1-0

[Event "39 Open Vila de Sitges 2013"]
[Site "Sitges ESP"]
[Date "2013.07.27"]
[Round "6.1"]
[White "Grigoryan, Karen H"]
[Black "Vocaturo, Daniele"]
[Result "1-0"]
[WhiteElo "2550"]
[BlackElo "2536"]
[PlyCount "69"]
[EventDate "2013.07.22"]
[EventType "swiss"]
[EventRounds "9"]
[EventCountry "ESP"]
[SourceTitle "Ajedrez en Madrid"]
[Source "lmi"]
[SourceDate "2013.07.22"]

1. d4 Nf6 2. c4 e6 3. Nc3 Bb4 4. e3 O-O 5. Bd3 d5 6. a3 Bxc3+ 7. bxc3 c5 8.
cxd5 exd5 9. Ne2 b6 10. f3 Ba6 11. Bb1 Re8 12. O-O Nc6 13. Re1 Rc8 14. Nf4 Na5
15. Ra2 Bc4 16. Rb2 Nb7 17. e4 dxe4 18. fxe4 Rc7 19. e5 Nd5 20. Nxd5 Qxd5 21.
Be4 Qd8 22. Qf3 Na5 23. d5 Rd7 24. Rf2 g6 25. e6 fxe6 26. Bh6 e5 27. h4 Qe7 28.
h5 Rd6 29. Qg3 Kh8 30. Bg5 Qg7 31. h6 Qd7 32. Bf6+ Rxf6 33. Rxf6 Nb7 34. Qf3
Kg8 35. d6 1-0

[Event "39 Open Vila de Sitges 2013"]
[Site "Sitges ESP"]
[Date "2013.07.27"]
[Round "6.2"]
[White "Barsov, Alexei"]
[Black "Hayrapetyan, Hovik"]
[Result "1/2-1/2"]
[WhiteElo "2530"]
[BlackElo "2486"]
[PlyCount "23"]
[EventDate "2013.07.22"]
[EventType "swiss"]
[EventRounds "9"]
[EventCountry "ESP"]
[SourceTitle "Ajedrez en Madrid"]
[Source "lmi"]
[SourceDate "2013.07.22"]

1. d4 Nf6 2. c4 e6 3. Nc3 d5 4. Bg5 Be7 5. cxd5 Nxd5 6. Bxe7 Qxe7 7. Nxd5 exd5
8. e3 Qb4+ 9. Qd2 Qxd2+ 10. Kxd2 a5 11. Bd3 O-O 12. Ne2 1/2-1/2

[Event "39 Open Vila de Sitges 2013"]
[Site "Sitges ESP"]
[Date "2013.07.27"]
[Round "6.3"]
[White "Movsziszian, Karen"]
[Black "Munoz Pantoja, Miguel"]
[Result "1/2-1/2"]
[WhiteElo "2499"]
[BlackElo "2457"]
[PlyCount "150"]
[EventDate "2013.07.22"]
[EventType "swiss"]
[EventRounds "9"]
[EventCountry "ESP"]
[SourceTitle "Ajedrez en Madrid"]
[Source "lmi"]
[SourceDate "2013.07.22"]

1. g3 c5 2. Bg2 Nc6 3. d3 g6 4. f4 Bg7 5. Nf3 d6 6. O-O e6 7. e4 Nge7 8. c3 O-O
9. Be3 b6 10. Na3 Ba6 11. Re1 d5 12. Bf2 d4 13. c4 e5 14. Nh4 Kh8 15. f5 Qd7
16. Qd2 f6 17. Bf3 Bb7 18. g4 gxf5 19. exf5 Nd8 20. Bg3 Nf7 21. Bxb7 Qxb7 22.
Qg2 Qd7 23. h3 Bh6 24. Kh1 Rg8 25. Re2 Raf8 26. Rf1 a6 27. b3 b5 28. Nb1 bxc4
29. bxc4 Rb8 30. Nd2 Bxd2 31. Rxd2 Nc6 32. Nf3 Nd6 33. Re2 Qb7 34. Kh2 Nf7 35.
Nd2 Nb4 36. Ne4 Qe7 37. Rd1 Rb6 38. Bh4 Nh6 39. Qf3 Rf8 40. Rb1 Nd5 41. Rxb6
Nxb6 42. Rb2 Na4 43. Rb8 Ng8 44. Rxf8 Qxf8 45. Nxf6 Nxf6 46. Qc6 Ng8 47. Qxa4
Qh6 48. Bg3 Qd2+ 49. Kh1 Qe3 50. Kg2 Qe2+ 51. Bf2 e4 52. Qe8 e3 53. Qe5+ Nf6
54. Qxf6+ Kg8 55. Qe6+ Kf8 56. Qd6+ Kf7 57. Qc7+ Kg8 58. Qf4 exf2 59. Qxf2 Qxd3
60. Qe1 Qxc4 61. Qe8+ Kg7 62. Qe7+ Kg8 63. Kg3 Qxa2 64. Qxc5 Qb3+ 65. Kh4 Qe3
66. Qd5+ Kg7 67. Qd7+ Kg8 68. Qd8+ Kf7 69. Qd5+ Kg7 70. Qd7+ Kg8 71. Qc8+ Kg7
72. Qb7+ Kg8 73. Qa8+ Kg7 74. Qa7+ Kg8 75. Qxa6 Qe1+ 1/2-1/2